Euphoria - Loreen (All Lyrics) - Statistics

General Stats
  • This quiz has been taken 73 times
  • The average score is 130 of 170
Answer Stats
Answer % Correct
Euphoria
100%
Euphoria,
100%
euphoria
100%
I
100%
u-u-u-u-u-u-up
100%
for
98%
Forever,
98%
Forever
98%
go,
96%
going
96%
of
96%
the
96%
We
96%
we
96%
A
94%
you
94%
end
90%
ever
90%
time
90%
We're
90%
we're
90%
where
90%
do
88%
an
86%
An
86%
in
86%
this
86%
don't
84%
Don't
84%
last
84%
Why,
84%
why
84%
can't
82%
till
82%
moment
80%
No,
80%
and
78%
things
73%
Tonight,
73%
tonight
73%
now
71%
on,
71%
every
69%
higher
69%
higher,
69%
my
69%
open
69%
stop
69%
breath
67%
I'm
67%
door
65%
From
65%
love
65%
only
65%
breathing
63%
forevermore?
63%
heart
63%
infinity
63%
universe
63%
are
61%
piece
59%
reaching
55%
take
55%
doing
53%
everlasting
53%
together,
53%
within
53%
all
51%
our
51%
free,
49%
art
45%
eternity's
45%
first
45%
alone
43%
comes
43%
into
43%
here,
41%
beating
39%
own
37%
sail
37%
divinity
35%
divinity...
35%
everything's
33%
allowed
24%
No matching quizzes found
Score Distribution
Percent of People with Each Score
Percentile by Number Answered
Your Score History
You have not taken this quiz